000 01156nam a2200301 c 4500
003 BLK
005 20250623154037.0
008 180413b bul|||||r ||||||| ||bul||
020 _a9786197670233
040 _aBLK
041 _aBUL
_cBUL
080 _aКласическа гръцка литература. Старогръцка литература
_b821.142
_x-93-342
_z821.142-93-342
100 1 _aЕзоп
_eпърви автор
_966774
139 _aЕзоп
_bЕ 38
245 1 0 _aБасните на Езоп
_cпреразк. от Каролайн Лорънс; ил. Робърт Ингпен; прев. Богдан Русев
260 _aСофия
_bЛабиринт
_c2023
_9210561
_n978-619-7055- ; 5-87604-
300 _a192 с.
_bс цв. ил.
_c26 см
380 _aDX
700 _aРусев, Богдан Бориславов
_9365584
700 _aЛорънс, Каролайн
_9490847
700 _aИнгпен, Робърт
_9401871
852 _aЦб ІІ 32811
_bЦб
856 4 _qpdf
_u
856 4 _qpdf
_u
942 _cKNG
_n0
_07
944 _k30551
_lБояна Костадинова
999 _c502849
_d502849
999 _d502849